LEADER 02658nam 2200601 450 001 9910816881303321 005 20170821193040.0 010 $a1-61149-649-7 010 $a1-61149-500-8 035 $a(CKB)2550000001251052 035 $a(EBL)1659898 035 $a(SSID)ssj0001132403 035 $a(PQKBManifestationID)12411030 035 $a(PQKBTitleCode)TC0001132403 035 $a(PQKBWorkID)11154532 035 $a(PQKB)11630888 035 $a(MiAaPQ)EBC1659898 035 $a(EXLCZ)992550000001251052 100 $a20140411h20142014 uy 0 101 0 $aeng 135 $aur|n|---||||| 181 $ctxt 182 $cc 183 $acr 200 10$aInspiration in the age of enlightenment /$fSarah Eron 210 1$aNewark, Delaware :$cUniversity of Delaware Press,$d2014. 210 4$dİ2014 215 $a1 online resource (267 p.) 300 $aDescription based upon print version of record. 311 $a1-61149-499-0 311 $a1-306-54812-8 320 $aIncludes bibliographical references and index. 327 $aContents; Acknowledgments; Preface; Introduction; Chapter One: Amused and Bemused; Chapter Two: "Eyes that Must Eclipse"; Chapter Three: Curtain, Muse!; Chapter Four: Genius, Muse; Chapter Five: The "Unknown" and The "Unveiled"; Coda; Bibliography; Index; About the Author 330 $aInspiration in the Age of Enlightenment reconsiders theories of apostrophe and poetic authority to argue that the Augustan age created a new form of inspiration, one that not only changed the relationship of literary production to authority in the modern period but that also crucially contributes to defining the movement of secularization in literature from the Renaissance to Romanticism. By examining the formal mechanisms of invocation in Augustan literature, and by exploring a wider range of writers that extends beyond Swift and his vehement critique of enthusiasm, Eron charts a positive ref 606 $aEnglish literature$y18th century$xHistory and criticism 606 $aEnthusiasm in literature 606 $aInspiration in literature 606 $aAesthetics, British$y18th century 615 0$aEnglish literature$xHistory and criticism. 615 0$aEnthusiasm in literature. 615 0$aInspiration in literature. 615 0$aAesthetics, British 676 $a820.9 676 $a820.9/005 676 $a820.9005 700 $aEron$b Sarah$f1982-$01625039 801 0$bMiAaPQ 801 1$bMiAaPQ 801 2$bMiAaPQ 906 $aBOOK 912 $a9910816881303321 996 $aInspiration in the age of enlightenment$93960314 997 $aUNINA LEADER 00747nam0-2200265 --450 001 9911054228203321 005 20260120144330.0 010 $a978-88-243-2913-2 100 $a20260120d2025----kmuy0itay5050 ba 101 0 $aita 102 $aIT 105 $a 001yy 200 1 $a<>diritto soggettivo all'aborto$fStefania Flore 210 $aNapoli$cJovene$d2025 215 $aXV, 376 p.$d24 cm 225 1 $aBiblioteca di diritto privato$v78 676 $a342.084$v23$zita 700 1$aFlore,$bStefania$01888987 801 0$aIT$bUNINA$gREICAT$2UNIMARC 901 $aBK 912 $a9911054228203321 952 $aVIII B 615 (78)$b2025/2267$fFGBC 959 $aFGBC 996 $aDiritto soggettivo all'aborto$94528923 997 $aUNINA